000 00786nam a2200289Ia 4500
005 20260324115746.0
008 008 260324s9999 xx 000 0 eng d
020 _a9781315366579
037 _aEBOOK
040 _aCRL
040 _beng
040 _cCRL
041 _2eng
041 _aeng
084 _qCRL
100 _aSeifedine Kadry; Abdelkhalak El Hami
_91155902
245 0 _aE-Systems for the 21st Century
245 0 _bConcept, Developments, and Applications, Volume 2: E-Learning, E-Maintenance, E-Portfolio, E-System, and E-Voting
260 _bTaylor and Francis
260 _c2016
365 _a
365 _b260
856 _uhttp://www.taylorfrancis.com/books/9781315366579
942 _cEBOOK
999 _c1747008
_d1747008